| 000 | 02011nam0a2200361 4500 | ||
|---|---|---|---|
| 001 | RU\NLR\BIBL_A\012795372 | ||
| 005 | 20260306094722.0 | ||
| 010 |
_a978-5-00179-155-3 _9500 |
||
| 021 |
_aRU _bКН-П-22-008751 _9КН-П-22-0710 |
||
| 035 | _a(NLR Aleph) 012795372 | ||
| 035 | _a(RuMoRGB)010978189 | ||
| 090 |
_a13165833 _c13165833 |
||
| 100 | _a20220523d2021 k y0rusy50 ca | ||
| 101 | 0 | _arus | |
| 102 | _aRU | ||
| 105 | _aa|||z|||000zy | ||
| 181 | 0 |
_ai _baxxe |
|
| 182 | 0 | _an | |
| 200 | 1 |
_aМетодология проектирования коллекций одежды _eмонография _fО. А. Зимина _gМинистерство науки и высшего образования Российской Федерации, Федеральное государственное бюджетное образовательное учреждение высшего образования "Кубанский государственный университет" |
|
| 203 |
_aТекст _bвизуальный _cнепосредственный |
||
| 210 |
_aКраснодар _cНовация _d2021 |
||
| 215 |
_a176 с. _cил. _d21 |
||
| 320 | _aБиблиогр.: с. 168-169 (23 назв.) | ||
| 330 | _aАдресуется студентам, обучающимся по направлениям <Искусство костюма и текстиля>, <Дизайн костюма>, а также специалистам, работающим в индустрии моды | ||
| 606 | 1 |
_aКостюм _z20 - 21 вв. _92564240 _3RU\NLR\AUTH\661516689 |
|
| 606 | 1 |
_aОдежда _xМоделирование _91141776 _3RU\NLR\AUTH\66454621 |
|
| 686 | 1 | _aЩ126.63(0)6 | |
| 686 | 1 | _aМ4-2 | |
| 700 | 1 |
_7ca _8rus _aЗимина _bО. А. _cканд. пед. наук, дизайн _gОльга Александровна _92699791 _3RU\NLR\AUTH\770290730 |
|
| 942 | _cBOOK | ||
| 980 | _aNB | ||